000 01113cam a2200301 a 4500
001 2016132
003 SEKU
005 20160127095255.0
008 911003s1992 nyu 000 1 eng
010 _a 91038809
020 _a051707771X
040 _aDLC
_cDLC
_dDLC
050 0 0 _aPS3558.I45
_bJ6 1992
082 0 0 _a813/.54
_220
100 1 _aHillerman, Tony.
245 1 4 _aThe Joe Leaphorn mysteries /
_cTony Hillerman.
260 _aNew York :
_bWings Books ;
_aAvenel, N.J. :
_bDistributed by Outlet Book Co.,
_c1992.
300 _a499 p. ;
_c25 cm.
505 0 _aThe blessing way -- Dance hall of the dead -- Listening woman.
650 0 _aLeaphorn, Joe, Lt. (Fictitious character)
_xFiction.
650 0 _aDetective and mystery stories, American.
650 0 _aPolice
_zSouthwestern States
_xFiction.
650 0 _aIndian reservation police
_vFiction.
650 0 _aNavajo Indians
_xFiction.
906 _a7
_bcbc
_corignew
_d1
_eocip
_f19
_gy-gencatlg
942 _2lcc
_cGEN
999 _c10029
_d10029